Tekken Trivia - Statistics

General Stats
  • This quiz has been taken 438 times
  • The average score is 13 of 20
Answer Stats
Question Answer % Correct
While Jin Kazama is at the head of the Mishima Zaibatsu, what organization is Kazuya Mishima leading to fight against them? G-Corporation
95%
Which non-Mishima character has a friendly rivalry with Jin Kazama? Hwoarang
85%
How many Tekken Tag games have been released so far? 2
84%
Which of these two characters are NOT just different forms of the same character (i.e. they are two separate people entirely)? King and Armor King
81%
Which of Tekken 7's guest characters is considered a canon, in-universe addition? Akuma (Street Fighter)
80%
Which character in Tekken 5's intro says the phrase "Heihachi Mishima... is dead"? Raven
77%
Which of these female characters was in the first Tekken game? Nina Williams
74%
On PlayStation, which button does the notation '2' correspond to? Triangle
73%
What is the name of Ling Xiaoyu's best friend from school? Miharu
69%
Which of these statements is NOT true? Laser moves consume meter
68%
What is Bryan Fury's low sweep launcher called? Snake Edge
64%
"Imprisoned after being framed for my father's death, a fellow prisoner taught me his martial art, and then I taught it to his granddaughter." Whose story am I describing? Eddy Gordo
63%
Before the official release of Tekken 7, what was the arcade-only edition of the game called? Fated Retribution
63%
What was the only main Tekken game that the robot Jack was not playable in? Tekken 4
59%
If EWGF stands for 'Electric Wind God Fist', what does the H in EWHF stand for? Hook
57%
Tekken 7's combo extender was called "screw". What was Tekken 6's combo extender called? Bound
56%
If I were to input 3+4 with Lee Chaolan, what would happen? I'd enter a stance
50%
Which of these was NOT a game mode in Tekken 3? Fight Lab
48%
What do you see in the background during Tekken 2's final boss battle with Devil? Mirrors
40%
What does Feng Wei's rage art from Tekken 7 look like? Elbow, uppercut, punch
34%
No matching quizzes found
Score Distribution
Percent of People with Each Score
Percentile by Number Answered
Your Score History
You have not taken this quiz